Die größten Inseln Kroatiens - Statistiken

Allgemein
  • Dieses Quiz wurde 131 mal gespielt
  • Das Durchschnittsergebnis liegt bei 6 aus 20
Antwortstatistiken
Rang Fläche in km² Einwohner Insel % Korrekt
2 405,78 17.860 Krk
94%
4 297,37 11.103 Hvar
60%
3 395,44 14.031 Brač
53%
1 405,78 3.184 Cres
52%
5 284,18 8.398 Pag
47%
10 86,11 9.480 Rab
45%
6 271,46 16.182 Korčula
37%
11 74,36 7.771 Lošinj
32%
9 89,72 3.617 Vis
26%
7 113,30 1.772 Dugi otok
24%
20 22,07 1.608 Vir
22%
8 98,01 1.111 Mljet
19%
16 32,44 7 Kornat
17%
12 60,11 2.711 Pašman
16%
13 58,17 1.479 Šolta
14%
17 28,12 4.455 Čiovo
13%
14 51,04 6.182 Ugljan
13%
15 40,82 835 Lastovo
11%
18 26,14 147 Olib
9%
19 22,17 207 Molat
7%
Keine übereinstimmenden Quizze gefunden
Verteilung der Resultate
Anzahl Personen mit jedem Resultat
Perzentil nach korrekt beantworteten Fragen
Ihre Resultats-Entwicklung
Sie haben dieses Quiz noch nicht gespielt